000 00648cam a22002171 4500
001 ca 36000210
003 DLC
005 20260227111140.0
008 790718s1936 mau 000 0 eng
010 _aca 36000210
035 _a(OCoLC)5183890
040 _aDLC
_cOCl
_dDLC
042 _apremarc
050 0 0 _aPS3521.E5467
_bD4 1936
082 _a812.5
100 1 _aKennedy, Harold J.
245 1 0 _aDeath comes to the quack doctor;
_ba play in one act and a prologue,
_cby Harold J. Kennedy.
260 _aBoston, Mass.,
_aLos Angeles, Cal.,
_b[Walter H. Baker company,
_cc1936]
300 _a32 p.
_c19 cm.
490 0 _aBaker's royalty plays
999 _c18033
_d18033